000 00477nam a2200181Ia 4500
001 21316
005 20260306172910.0
008 260306t2022||||xx |||||||||||||| ||spa||
041 _aESP
082 _a344.526
_bC33
100 _aCastañeda Segovia, Mateo Grimaldo
_eAUT
245 0 _aTenencia ilegal de armas y legítima defensa con armas de fuego
260 _c2022
300 _a350 páginas :
_c25 cm.
650 _aGEN
654 _aCDE
942 _cLIB
_dJUS
_fJUS
_2ddc
_n
999 _c21316
_d21316